[Event "GER-chT Federal Cup (Women)"]
[Site "Braunfels"]
[Date "2018.06.01"]
[Round "3.2"]
[White "Clopes Llahi, Judit"]
[Black "Zilberman, Polina"]
[Result "0-1"]
[WhiteElo "2135"]
[BlackElo "2149"]
[PlyCount "64"]
[EventDate "2018.05.31"]
[EventType "team-swiss"]
[EventRounds "5"]
[EventCountry "GER"]
[SourceTitle "EXT 2020"]
[Source "ChessBase"]
[SourceDate "2019.10.17"]
[SourceVersion "1"]
[SourceVersionDate "2019.10.17"]
[SourceQuality "1"]
[WhiteTeam "Sachsen (W)"]
[BlackTeam "Baden (W)"]
[WhiteTeamCountry "GER"]
[BlackTeamCountry "GER"]

1. e4 e6 2. d4 d5 3. Nd2 Nf6 4. e5 Nfd7 5. Bd3 c5 6. c3 Nc6 7. Ne2 cxd4 8. cxd4 f6 9. exf6 Nxf6 10. Nf3 Bd6 11. 0-0 0-0 12. Bg5 Qc7 13. Qc2 h6 14. Bh4 Bd7 15. Bg3 Rac8 16. Rac1 Qb8 17. Nc3 Nh5 18. Qd2 Bf4 19. Bxf4 Nxf4 20. Rfe1 Nh3+ 21. Kh1 Qf4 22. Re2 Qg4 23. Re3 Nxd4 24. Ne5 Rxf2 25. Nxg4 Rxd2 26. gxh3 Rxb2 27. Rg1 Kh8 28. Ne5 Be8 29. Reg3 g5 30. Bb1 Ne2 31. Nxe2 Rxe2 32. Ng4 d4 0-1

[Event "GER-chT Federal Cup (Women)"]
[Site "Braunfels"]
[Date "2018.05.31"]
[Round "1.2"]
[White "Khamenya, Vitalia"]
[Black "Zilberman, Polina"]
[Result "1/2-1/2"]
[WhiteElo "1792"]
[BlackElo "2149"]
[PlyCount "60"]
[EventDate "2018.05.31"]
[EventType "team-swiss"]
[EventRounds "5"]
[EventCountry "GER"]
[SourceTitle "EXT 2020"]
[Source "ChessBase"]
[SourceDate "2019.10.17"]
[SourceVersion "1"]
[SourceVersionDate "2019.10.17"]
[SourceQuality "1"]
[WhiteTeam "Bayern (W) II"]
[BlackTeam "Baden (W)"]
[WhiteTeamCountry "GER"]
[BlackTeamCountry "GER"]

1. e4 e6 2. d4 d5 3. exd5 exd5 4. Bd3 Nc6 5. c3 Bd6 6. Ne2 Nge7 7. Qc2 Bg4 8. f3 Bh5 9. Bf4 Bg6 10. Nd2 Bxd3 11. Qxd3 Ng6 12. Bxd6 Qxd6 13. 0-0-0 0-0-0 14. Rde1 Kb8 15. g3 Rhe8 16. f4 Re7 17. f5 Nf8 18. Nf4 g5 19. Nh5 f6 20. Rxe7 Qxe7 21. Nf3 Qf7 22. g4 Re8 23. Re1 Rxe1+ 24. Nxe1 Nd7 25. Qe2 Nd8 26. Nd3 b6 27. Qe3 Kb7 28. Kc2 a5 29. Kb1 h6 30. Kc2 Nb8 1/2-1/2

[Event "Bodensee-Cup"]
[Site "St Ingbert"]
[Date "2018.05.05"]
[Round "2"]
[White "Schiendorfer, Emanuel"]
[Black "Zilberman, Polina"]
[Result "1-0"]
[WhiteElo "2313"]
[BlackElo "2149"]
[PlyCount "43"]
[EventDate "2018.08.20"]
[EventType "team-tourn"]
[EventRounds "3"]
[EventCountry "GER"]
[SourceTitle "EXT 2020"]
[Source "ChessBase"]
[SourceDate "2019.10.17"]
[SourceVersion "1"]
[SourceVersionDate "2019.10.17"]
[SourceQuality "1"]
[WhiteTeam "Switzerland"]
[BlackTeam "Baden"]
[WhiteTeamCountry "SUI"]
[BlackTeamCountry "GER"]

1. Nf3 Nf6 2. g3 d5 3. Bg2 c6 4. 0-0 Bf5 5. c4 e6 6. cxd5 exd5 7. d3 Be7 8. Nc3 0-0 9. e4 dxe4 10. dxe4 Nxe4 11. Nd4 Nxc3 12. bxc3 Bc8 13. Re1 a6 14. Qf3 Bf6 15. Bf4 c5 16. Nb3 Qb6 17. Rad1 Be6 18. Bd6 Bxb3 19. axb3 Rd8 20. Bxc5 Qc6 21. Rxd8+ Bxd8 22. Qxc6 1-0

[Event "Untergrombach-ch 35th"]
[Site "Untergrombach"]
[Date "2018.01.03"]
[Round "3"]
[White "Zilberman, Polina"]
[Black "Grundmann, Alexander"]
[Result "1-0"]
[WhiteElo "2170"]
[BlackElo "1947"]
[PlyCount "91"]
[EventDate "2018.01.02"]
[EventType "swiss"]
[EventRounds "7"]
[EventCountry "GER"]
[SourceTitle "CBM 182 Extra"]
[Source "ChessBase"]
[SourceDate "2018.02.23"]
[SourceVersion "1"]
[SourceVersionDate "2018.02.23"]
[SourceQuality "1"]

1. d4 d5 2. Nf3 Nf6 3. Bf4 c6 4. c3 Qb6 5. Qc1 Bf5 6. Nbd2 Nbd7 7. h3 h6 8. e3 e6 9. Be2 Be7 10. 0-0 g5 11. Bg3 a5 12. c4 Bg6 13. Ne5 Nxe5 14. Bxe5 0-0 15. c5 Qa7 16. Qc3 Nd7 17. Bh2 b6 18. cxb6 Qxb6 19. Bd3 f5 20. Nf3 Bh5 21. Ne5 Nxe5 22. Bxe5 Kf7 23. Rac1 Rac8 24. g4 fxg4 25. hxg4 Bxg4 26. f4 Bh3 27. Rf2 Ke8 28. Rh2 Bf5 29. Rxh6 gxf4 30. Bxf5 Rxf5 31. Rh8+ Rf8 32. Rxf8+ Bxf8 33. Qc2 f3 34. Rf1 Qb4 35. Rxf3 Qe1+ 36. Kg2 Be7 37. Bg3 Qb4 38. a3 Qb5 39. Rf2 Kd7 40. Qh7 Re8 41. Qg6 Qb3 42. Qh6 Rg8 43. Qf4 Rc8 44. Qe5 a4 45. Kh3 Qd3 46. Rf7 1-0

[Event "Wiesbaden op 29th"]
[Site "Wiesbaden"]
[Date "2017.08.26"]
[Round "4"]
[White "Kobs, Stephan"]
[Black "Zilberman, Polina"]
[Result "1/2-1/2"]
[WhiteElo "1937"]
[BlackElo "2149"]
[PlyCount "27"]
[EventDate "2017.08.24"]
[EventType "swiss"]
[EventRounds "7"]
[EventCountry "GER"]
[SourceTitle "CBM 180 Extra"]
[Source "ChessBase"]
[SourceDate "2017.10.06"]
[SourceVersion "1"]
[SourceVersionDate "2017.10.06"]
[SourceQuality "1"]

1. e4 e6 2. d4 d5 3. Nc3 Bb4 4. Nge2 dxe4 5. a3 Be7 6. Nxe4 Nf6 7. N2g3 Nbd7 8. Be2 0-0 9. 0-0 Nxe4 10. Nxe4 Nf6 11. Nxf6+ Bxf6 12. c3 e5 13. dxe5 Bxe5 14. Qxd8 1/2-1/2

[Event "Rhein Main op-A 20th"]
[Site "Bad Homburg"]
[Date "2017.06.15"]
[Round "3"]
[White "Zilberman, Polina"]
[Black "Milov, Leonid"]
[Result "0-1"]
[WhiteElo "2160"]
[BlackElo "2433"]
[PlyCount "90"]
[EventDate "2017.06.14"]
[EventType "swiss"]
[EventRounds "7"]
[EventCountry "GER"]
[SourceTitle "EXT 2018"]
[Source "ChessBase"]
[SourceDate "2017.10.13"]
[SourceVersion "1"]
[SourceVersionDate "2017.10.13"]
[SourceQuality "1"]

1. d4 d5 2. Nf3 c6 3. c3 Bg4 4. Ne5 Bf5 5. g3 Nd7 6. Nd3 e6 7. Bg2 Be7 8. b3 Ngf6 9. 0-0 Rc8 10. Bb2 h5 11. h4 Ne4 12. Nd2 g5 13. hxg5 Bxg5 14. Nxe4 dxe4 15. Nc5 Nxc5 16. dxc5 Qf6 17. Qd4 Qxd4 18. cxd4 Rg8 19. Bc1 Bxc1 20. Raxc1 h4 21. Kh2 Ke7 22. Rh1 Rcd8 23. e3 hxg3+ 24. fxg3 Rg7 25. Kg1 Rxg3 26. Kf2 Rdg8 27. Rh2 R3g5 28. b4 e5 29. dxe5 Rd8 30. Rc2 Bg6 31. Rh4 Rxe5 32. a4 Rd3 33. Ke2 Rb3 34. Rc4 Rb2+ 35. Kf1 Rf5+ 36. Rf4 Rxf4+ 37. exf4 f5 38. Rd4 Bf7 39. Bh3 Be6 40. Bg2 Rc2 41. Bh3 Rc3 42. Bg2 Bc4+ 43. Ke1 Bd3 44. Kf2 e3+ 45. Kxe3 Be4+ 0-1

[Event "GER-chT Federal Cup (Women)"]
[Site "Braunfels"]
[Date "2012.06.07"]
[Round "1.2"]
[White "Stitterich, Nadine"]
[Black "Zilberman, Polina"]
[Result "1-0"]
[WhiteElo "2002"]
[BlackElo "2115"]
[PlyCount "77"]
[EventDate "2012.06.07"]
[EventType "team-swiss"]
[EventRounds "5"]
[EventCountry "GER"]
[SourceTitle "CBM 149 Extra"]
[Source "ChessBase"]
[SourceDate "2012.08.24"]
[SourceVersion "1"]
[SourceVersionDate "2012.08.24"]
[SourceQuality "1"]
[WhiteTeam "Wuerttemberg (W)"]
[BlackTeam "Baden (W)"]
[WhiteTeamCountry "GER"]
[BlackTeamCountry "GER"]

1. e4 e6 2. d4 d5 3. Nc3 Nf6 4. Bg5 Bb4 5. e5 h6 6. Bd2 Bxc3 7. bxc3 Ne4 8. Qg4 g6 9. Bd3 Nxd2 10. Kxd2 c5 11. Nf3 Nc6 12. Rhb1 c4 13. Be2 Qc7 14. h4 Bd7 15. Nh2 0-0-0 16. Qg3 Ne7 17. Ng4 Nf5 18. Qh3 Qa5 19. Kd1 Qa3 20. Nf6 h5 21. Kd2 Qa5 22. Kd1 Ba4 23. a3 Kb8 24. Rb4 Ka8 25. Kd2 b5 26. g3 Qb6 27. Rab1 Qc7 28. Qg2 a5 29. Rxb5 Bxb5 30. Rxb5 Ka7 31. Bf1 Ka6 32. Rc5 Qb7 33. Bxc4+ dxc4 34. Rxa5+ Kxa5 35. Qxb7 Rhf8 36. Qb4+ Ka6 37. Ne4 Rb8 38. Nc5+ Ka7 39. Qa5# 1-0

[Event "GER-chT Federal Cup (Women)"]
[Site "Germany"]
[Date "2011.06.19"]
[Round "5.1"]
[White "Zilberman, Polina"]
[Black "Stenzel, Monika"]
[Result "1-0"]
[WhiteElo "2145"]
[BlackElo "799"]
[PlyCount "31"]
[EventDate "2011.06.16"]
[EventType "team-swiss"]
[EventRounds "5"]
[EventCountry "GER"]
[SourceTitle "EXT 2012"]
[Source "ChessBase"]
[SourceDate "2011.11.24"]
[SourceVersion "1"]
[SourceVersionDate "2011.11.24"]
[SourceQuality "1"]
[WhiteTeam "Baden"]
[BlackTeam "Saarland"]
[WhiteTeamCountry "GER"]
[BlackTeamCountry "GER"]

1. e4 e5 2. Nf3 Qe7 3. Nc3 Nc6 4. Bc4 h6 5. 0-0 Nf6 6. d4 d6 7. Nd5 Qd7 8. Bb5 a6 9. Ba4 b5 10. Bb3 Nxe4 11. Re1 Nf6 12. dxe5 Ng8 13. exd6+ Nce7 14. Nxc7+ Kd8 15. Ne5 Qf5 16. dxe7+ 1-0

[Event "Oberliga Baden 1011"]
[Site "Baden"]
[Date "2011.02.06"]
[Round "6.4"]
[White "Zilberman, Polina"]
[Black "Duschek, Volker"]
[Result "1-0"]
[WhiteElo "2205"]
[BlackElo "2268"]
[PlyCount "113"]
[EventDate "2010.10.10"]
[EventType "team-tourn"]
[EventRounds "9"]
[EventCountry "GER"]
[SourceTitle "EXT 2012"]
[Source "ChessBase"]
[SourceDate "2011.11.24"]
[SourceVersion "1"]
[SourceVersionDate "2011.11.24"]
[SourceQuality "1"]
[WhiteTeam "Heidelberg II"]
[BlackTeam "Karlsruhe"]
[WhiteTeamCountry "GER"]
[BlackTeamCountry "GER"]

1. e4 c5 2. Nc3 Nc6 3. Bc4 g6 4. d3 Bg7 5. Be3 Nd4 6. Nf3 e6 7. Qd2 Ne7 8. Bxd4 cxd4 9. Nb5 d5 10. Bb3 a5 11. a4 0-0 12. Nbxd4 Qb6 13. Qe3 Bd7 14. e5 Qc7 15. 0-0 Nc6 16. Rfe1 h6 17. Nb5 Qd8 18. c3 f6 19. exf6 Qxf6 20. Nc7 Rac8 21. Nxe6 Rfe8 22. Bxd5 Kh8 23. Nfd4 Bxe6 24. Nxe6 Rcd8 25. Qf3 Qxf3 26. Bxf3 Rxd3 27. Nxg7 Rxe1+ 28. Rxe1 Kxg7 29. Rd1 Ne5 30. Rxd3 Nxd3 31. Bxb7 Nxb2 32. Bc6 Kf6 33. Kf1 Nd1 34. c4 Nb2 35. Bb5 Nd3 36. Ke2 Nc5 37. Ke3 Ke5 38. f4+ Kd6 39. h4 Ne6 40. Be8 Nf8 41. g3 Ke7 42. Bc6 Ne6 43. Ke4 Kd6 44. Be8 Nc5+ 45. Ke3 Ke7 46. Bxg6 Nxa4 47. Kd4 Kd6 48. Bb1 Nc5 49. f5 Nb3+ 50. Kc3 Nc5 51. g4 Ke5 52. g5 hxg5 53. hxg5 Nd7 54. f6 Kf4 55. g6 Nxf6 56. g7 a4 57. Bh7 1-0

[Event "BL2 Sued 1011 (Women)"]
[Site "Germany"]
[Date "2010.12.04"]
[Round "3.1"]
[White "Zilberman, Polina"]
[Black "Carow, Annelen"]
[Result "1/2-1/2"]
[WhiteElo "2109"]
[BlackElo "1849"]
[PlyCount "66"]
[EventDate "2010.11.06"]
[EventType "team-tourn"]
[EventRounds "7"]
[EventCountry "GER"]
[SourceTitle "EXT 2012"]
[Source "ChessBase"]
[SourceDate "2011.11.24"]
[SourceVersion "1"]
[SourceVersionDate "2011.11.24"]
[SourceQuality "1"]
[WhiteTeam "Handschuhsheim (W)"]
[BlackTeam "Mainz Orient (W)"]
[WhiteTeamCountry "GER"]
[BlackTeamCountry "GER"]

1. e4 e5 2. Nf3 Nc6 3. Bc4 Bc5 4. c3 Nf6 5. d4 exd4 6. cxd4 Bb4+ 7. Bd2 Bxd2+ 8. Nbxd2 d5 9. exd5 Nxd5 10. Qb3 Nce7 11. 0-0 0-0 12. Rfe1 Nb6 13. Bd3 Bf5 14. Ne4 Bg6 15. Nc5 Rb8 16. Rad1 Bxd3 17. Qxd3 Ng6 18. Qf5 Qd6 19. Ng5 Qf4 20. Qxf4 Nxf4 21. Re4 Nfd5 22. Rde1 h6 23. Nf3 Nf6 24. R4e3 Nbd5 25. Re5 Rfd8 26. g3 b6 27. Nd3 Kf8 28. R5e2 Rd6 29. Nde5 Nd7 30. Nc4 Rc6 31. Nce5 Rd6 32. Nc4 Rc6 33. Nce5 Rd6 1/2-1/2

[Event "BL2 Sued 1011 (Women)"]
[Site "Germany"]
[Date "2010.11.07"]
[Round "2.1"]
[White "Ankerst, Milka"]
[Black "Zilberman, Polina"]
[Result "1/2-1/2"]
[WhiteElo "2113"]
[BlackElo "2109"]
[PlyCount "60"]
[EventDate "2010.11.06"]
[EventType "team-tourn"]
[EventRounds "7"]
[EventCountry "GER"]
[SourceTitle "EXT 2012"]
[Source "ChessBase"]
[SourceDate "2011.11.24"]
[SourceVersion "1"]
[SourceVersionDate "2011.11.24"]
[SourceQuality "1"]
[WhiteTeam "Bayern Muenchen (W)"]
[BlackTeam "Handschuhsheim (W)"]
[WhiteTeamCountry "GER"]
[BlackTeamCountry "GER"]

1. e4 e6 2. d4 d5 3. Nc3 dxe4 4. Nxe4 Bd7 5. Nf3 Bc6 6. Bd3 Nd7 7. 0-0 Be7 8. Qe2 Ngf6 9. Nxf6+ Bxf6 10. c3 0-0 11. Bf4 b6 12. Rad1 Qc8 13. Be4 Bxe4 14. Qxe4 Re8 15. Qc6 Nf8 16. Rfe1 Ng6 17. Bg3 Qa6 18. a4 Rac8 19. Ne5 Bxe5 20. Bxe5 Ne7 21. Qb5 Qb7 22. Re3 Ng6 23. Qe2 Red8 24. Bg3 Rd7 25. h4 Rcd8 26. h5 Ne7 27. Bh4 h6 28. Bxe7 Rxe7 29. Re5 Red7 30. Re1 Rd5 1/2-1/2

[Event "GER-chT Federal Cup (Women)"]
[Site "Braunfels"]
[Date "2010.06.05"]
[Round "4"]
[White "Zilberman, Polina"]
[Black "Roessler, Ulrike"]
[Result "1-0"]
[WhiteElo "2205"]
[BlackElo "2176"]
[PlyCount "75"]
[EventDate "2010.06.03"]
[EventType "team-swiss"]
[EventRounds "5"]
[EventCountry "GER"]
[SourceTitle "CBM 136 Extra"]
[Source "ChessBase"]
[SourceDate "2010.07.02"]
[SourceVersion "2"]
[SourceVersionDate "2010.07.15"]
[SourceQuality "1"]

1. e4 d6 2. d4 Nf6 3. Bd3 e5 4. c3 Nbd7 5. Nf3 g6 6. 0-0 Bg7 7. Re1 0-0 8. Bg5 h6 9. Bh4 Re8 10. Nbd2 Nf8 11. dxe5 dxe5 12. Nc4 Bg4 13. h3 Bxf3 14. Qxf3 Qe7 15. Ne3 c6 16. Bc4 N8h7 17. Qe2 Qc7 18. f3 Nh5 19. Rad1 Bf6 20. Bf2 Nf4 21. Qc2 Ng5 22. h4 Nge6 23. Kh2 Rad8 24. g3 Nh5 25. Ng4 Rxd1 26. Rxd1 Kg7 27. Qd2 g5 28. Qd7 Re7 29. Qxc7 Nxc7 30. Ne3 Kg6 31. Nf5 Re8 32. g4 Nf4 33. h5+ Kh7 34. Rd7 Nce6 35. Rxf7+ Bg7 36. Be3 Kg8 37. Rxg7+ Kh8 38. Rxb7 1-0

[Event "GER-ch (Women)"]
[Site "Hockenheim"]
[Date "2009.08.24"]
[Round "3"]
[White "Zilberman, Polina"]
[Black "Giss, Helene"]
[Result "1-0"]
[WhiteElo "2191"]
[BlackElo "2073"]
[PlyCount "57"]
[EventDate "2009.08.21"]
[EventType "swiss"]
[EventRounds "9"]
[EventCountry "GER"]
[SourceTitle "CBM 131 Extra"]
[Source "ChessBase"]
[SourceDate "2009.09.03"]
[SourceVersion "2"]
[SourceVersionDate "2009.09.16"]
[SourceQuality "1"]

1. e4 e5 2. Nf3 Nf6 3. Nxe5 d6 4. Nf3 Nxe4 5. Nc3 Nxc3 6. dxc3 Nc6 7. Be3 Bg4 8. h3 Be6 9. Ng5 Qd7 10. Nxe6 fxe6 11. Qh5+ g6 12. Qb5 0-0-0 13. 0-0-0 a6 14. Qa4 Nb8 15. Qb3 Bg7 16. Be2 Rde8 17. Rhe1 h5 18. Bf3 d5 19. Be4 Qf7 20. Rxd5 exd5 21. Bxd5 Rxe3 22. fxe3 Qf2 23. Bxb7+ Kd8 24. Rd1+ Ke7 25. Qb4+ Kf6 26. Qd4+ Kg5 27. Qxg7 Qxe3+ 28. Kb1 Rd8 29. h4+ 1-0

[Event "GER-ch (Women)"]
[Site "Hockenheim"]
[Date "2009.08.23"]
[Round "2"]
[White "Zilberman, Polina"]
[Black "Niedermaier, Barbara"]
[Result "1-0"]
[WhiteElo "2191"]
[BlackElo "1995"]
[PlyCount "65"]
[EventDate "2009.08.21"]
[EventType "swiss"]
[EventRounds "9"]
[EventCountry "GER"]
[SourceTitle "CBM 131 Extra"]
[Source "ChessBase"]
[SourceDate "2009.09.03"]
[SourceVersion "2"]
[SourceVersionDate "2009.09.16"]
[SourceQuality "1"]

1. e4 c5 2. c3 d6 3. Nf3 g6 4. d4 cxd4 5. cxd4 Bg7 6. h3 Nf6 7. Nc3 0-0 8. Bd3 Nc6 9. 0-0 a6 10. Be3 h6 11. Qd2 Kh7 12. Rac1 b5 13. a4 Na5 14. Qe2 Bb7 15. Nd2 Nc4 16. Nxc4 bxc4 17. Bb1 Rc8 18. f4 Nh5 19. Kh2 e5 20. fxe5 dxe5 21. d5 Bf6 22. g3 Bg5 23. Rf2 Nxg3 24. Kxg3 Bh4+ 25. Kh2 Bxf2 26. Qxf2 Qd6 27. Rg1 Qe7 28. Bc2 f6 29. Ne2 Rf7 30. Ng3 c3 31. b3 Rg7 32. Bxh6 Kxh6 33. Nf5+ 1-0

[Event "GER-chT Federal Cup (Women)"]
[Site "Braunfels"]
[Date "2009.06.05"]
[Round "3"]
[White "Smirnova, Marina"]
[Black "Zilberman, Polina"]
[Result "1/2-1/2"]
[WhiteElo "2093"]
[BlackElo "2205"]
[PlyCount "86"]
[EventDate "2009.06.04"]
[EventType "team-swiss"]
[EventRounds "5"]
[EventCountry "GER"]
[SourceTitle "CBM 130 Extra"]
[Source "ChessBase"]
[SourceDate "2009.07.02"]
[SourceVersion "2"]
[SourceVersionDate "2009.07.15"]
[SourceQuality "1"]

1. e4 e6 2. d4 d5 3. exd5 exd5 4. Nf3 Nc6 5. c4 Nf6 6. Nc3 Be7 7. Ne5 0-0 8. Nxc6 bxc6 9. c5 Re8 10. Be2 Bf5 11. 0-0 Ne4 12. Na4 Bf6 13. Ba6 Rb8 14. a3 g6 15. Re1 Qd7 16. f3 Ng5 17. Be3 h5 18. Qd2 Ne6 19. b4 Re7 20. Nc3 Rbe8 21. Kf1 Ng7 22. a4 g5 23. Bxg5 Rxe1+ 24. Rxe1 Rxe1+ 25. Kxe1 Qe7+ 26. Be3 Bd7 27. Ne2 Nf5 28. Bf2 Bg5 29. f4 Bh4 30. g3 Bf6 31. Qd3 Qe6 32. Kd2 Nh6 33. h4 Qh3 34. Kc3 Qf1 35. Be3 Bf5 36. Qd2 Qa1+ 37. Kb3 Qb1+ 38. Ka3 Bc2 39. Qc3 Nf5 40. Bf2 Qd1 41. Qb2 Bd3 42. Bxd3 Qxd3+ 43. Ka2 Qd1 1/2-1/2

[Event "BL2 West 0708 (Women)"]
[Site "Germany"]
[Date "2008.03.15"]
[Round "6.3"]
[White "Schulze, Dorothee"]
[Black "Zilberman, Polina"]
[Result "1/2-1/2"]
[WhiteElo "1971"]
[BlackElo "2205"]
[PlyCount "82"]
[EventDate "2007.11.10"]
[EventType "team-tourn"]
[EventRounds "7"]
[EventCountry "GER"]
[SourceTitle "EXT 2009"]
[Source "ChessBase"]
[SourceDate "2008.11.26"]
[SourceVersion "1"]
[SourceVersionDate "2008.11.26"]
[SourceQuality "1"]
[WhiteTeam "Lehrte (W)"]
[BlackTeam "Walldorf (W)"]
[WhiteTeamCountry "GER"]
[BlackTeamCountry "GER"]

1. e4 e6 2. d4 d5 3. Nd2 Nf6 4. e5 Nfd7 5. Bd3 c5 6. c3 Nc6 7. Ne2 cxd4 8. cxd4 f6 9. exf6 Nxf6 10. 0-0 Bd6 11. Nf3 0-0 12. Nc3 a6 13. Bg5 Qc7 14. Bh4 Bd7 15. Rc1 Be8 16. Bg3 Bh5 17. Ne2 Bxf3 18. gxf3 Qd7 19. Kg2 Rf7 20. Bb1 Raf8 21. Rc3 Nh5 22. Qc2 g6 23. Rd1 Nf4+ 24. Nxf4 Bxf4 25. Qe2 Bh6 26. Rcd3 Bg7 27. Bc2 Qe7 28. Ba4 b5 29. Bb3 Re8 30. R1d2 Qg5 31. Qe3 Qh5 32. Qe1 a5 33. Bd1 Qg5 34. Qe3 Qd8 35. Bb3 a4 36. Bd1 Qb6 37. Bd6 Qd8 38. Bg3 Qb6 39. Bd6 Qd8 40. Bg3 Nb4 41. Ra3 Nc6 1/2-1/2

[Event "Verbandsliga Nord Baden 0708"]
[Site "Germany"]
[Date "2008.02.17"]
[Round "6.3"]
[White "Zilberman, Polina"]
[Black "Steinhart, Karl Heinz"]
[Result "0-1"]
[WhiteElo "2205"]
[BlackElo "2196"]
[PlyCount "84"]
[EventDate "2007.10.14"]
[EventType "team"]
[EventRounds "9"]
[EventCountry "GER"]
[SourceTitle "EXT 2009"]
[Source "ChessBase"]
[SourceDate "2008.11.26"]
[SourceVersion "1"]
[SourceVersionDate "2008.11.26"]
[SourceQuality "1"]
[WhiteTeam "Walldorf"]
[BlackTeam "Karlsruhe II"]
[WhiteTeamCountry "GER"]
[BlackTeamCountry "GER"]

1. e4 c5 2. Nc3 Nc6 3. f4 e6 4. Nf3 a6 5. g3 d5 6. d3 b5 7. Qe2 Nd4 8. Nxd4 cxd4 9. Nb1 dxe4 10. dxe4 Bb7 11. Bg2 Bc5 12. Qd3 h5 13. 0-0 Rc8 14. Nd2 Bb6 15. Nb3 Rxc2 16. Bd2 Rc3 17. Qb1 d3+ 18. Kh1 Rc2 19. Qe1 Nf6 20. Rc1 Rxb2 21. Nc5 Bxc5 22. Rxc5 Rxa2 23. h3 0-0 24. Qe3 Bxe4 25. Bxe4 Rxd2 26. Bf3 Rc2 27. Rg5 g6 28. Bd1 Nh7 29. Re5 Rc4 30. Bb3 Qd4 31. Bxc4 Qxc4 32. Re4 Qd5 33. Qd4 Rd8 34. Qxd5 Rxd5 35. Rd1 Nf6 36. Re3 a5 37. Rexd3 a4 38. Rxd5 Nxd5 39. Ra1 Nc3 40. Kg2 b4 41. Rc1 a3 42. Kf3 a2 0-1

[Event "BL2 West 0708 (Women)"]
[Site "Germany"]
[Date "2008.01.13"]
[Round "5.2"]
[White "Dietzen, Corinna"]
[Black "Zilberman, Polina"]
[Result "0-1"]
[WhiteElo "2029"]
[BlackElo "2194"]
[PlyCount "82"]
[EventDate "2007.11.10"]
[EventType "team-tourn"]
[EventRounds "7"]
[EventCountry "GER"]
[SourceTitle "EXT 2009"]
[Source "ChessBase"]
[SourceDate "2008.11.26"]
[SourceVersion "1"]
[SourceVersionDate "2008.11.26"]
[SourceQuality "1"]
[WhiteTeam "Wadgassen/Differten (W)"]
[BlackTeam "Walldorf (W)"]
[WhiteTeamCountry "GER"]
[BlackTeamCountry "GER"]

1. e4 e6 2. d4 d5 3. Nd2 Nf6 4. e5 Nfd7 5. Ngf3 c5 6. c3 Nc6 7. Bb5 Qb6 8. Qa4 cxd4 9. cxd4 g6 10. 0-0 Bg7 11. Nb1 0-0 12. Nc3 f6 13. exf6 Nxf6 14. h3 Bd7 15. Be3 a6 16. Bxc6 Bxc6 17. Qc2 Nh5 18. Qd2 Qd8 19. Rfe1 Qd6 20. Re2 Bd7 21. Ne5 Rae8 22. Rae1 b5 23. a3 Bc8 24. Qc1 Bb7 25. Rc2 Rc8 26. Nd3 Rf7 27. Nc5 Re8 28. g4 Nf6 29. Bf4 Qb6 30. Rce2 Bc8 31. g5 Nh5 32. Be5 Bxe5 33. Rxe5 Ref8 34. Qe3 Rf3 35. Qd2 Nf4 36. Nd1 a5 37. R1e3 Rxe3 38. Qxe3 b4 39. Qb3 Qb5 40. axb4 axb4 41. h4 Ne2+ 0-1

[Event "BL2 West 0708 (Women)"]
[Site "Germany"]
[Date "2007.12.01"]
[Round "3.3"]
[White "Zilberman, Polina"]
[Black "Leks, Maria"]
[Result "1-0"]
[WhiteElo "2194"]
[BlackElo "1766"]
[PlyCount "89"]
[EventDate "2007.11.10"]
[EventType "team-tourn"]
[EventRounds "7"]
[EventCountry "GER"]
[SourceTitle "EXT 2009"]
[Source "ChessBase"]
[SourceDate "2008.11.26"]
[SourceVersion "1"]
[SourceVersionDate "2008.11.26"]
[SourceQuality "1"]
[WhiteTeam "Walldorf (W)"]
[BlackTeam "Schott Mainz (W) II"]
[WhiteTeamCountry "GER"]
[BlackTeamCountry "GER"]

1. e4 d5 2. exd5 Qxd5 3. Nc3 Qd6 4. d4 Nf6 5. Be3 a6 6. Qd2 Nc6 7. Nf3 Bf5 8. Bf4 Qd7 9. a3 0-0-0 10. 0-0-0 e6 11. Ne5 Nxe5 12. Bxe5 Ng4 13. Bg3 Nf6 14. f3 c5 15. Qf4 Bd6 16. Qxd6 Qxd6 17. Bxd6 Rxd6 18. dxc5 Rxd1+ 19. Kxd1 Rd8+ 20. Kc1 Nd5 21. Nxd5 Rxd5 22. b4 a5 23. Be2 Re5 24. Kd2 axb4 25. axb4 Bxc2 26. Bc4 Bg6 27. g4 h5 28. h3 Kc7 29. Ra1 Kb8 30. Re1 Rxe1 31. Kxe1 Kc7 32. b5 hxg4 33. hxg4 e5 34. Kd2 f5 35. gxf5 Bxf5 36. Bd5 g5 37. b6+ Kc8 38. Kc3 Bh3 39. Kd2 Bg2 40. Ke3 g4 41. Be6+ Kb8 42. Bxg4 Bf1 43. Ke4 Bb5 44. Kxe5 Be2 45. Kf5 1-0